000 00489nam a2200181Ia 4500
005 20250326125214.0
008 250326s9999 xx 000 0 und d
037 _aTextbook
040 _aFMSL
_beng
_cFMSL
041 _aeng
_2eng
084 _aX577:8 L1
_qFMSL
100 _aZenoff D B
_9738031
245 0 _aInternational business management
_cZenoff D B
260 _aNY
_bNY, Macmillan
_c1971
300 _a320p
942 _cTB
_hX577:8 L1
999 _c1277002
_d1277002